Enciclopedia Einaudi (Volume Quindicesimo: Sistematica) (Record n. 65136)
[ formato base ]
| 000 -LEADER | |
|---|---|
| fixed length control field | 02097nam a2200301Ia 4500 |
| 001 - CONTROL NUMBER | |
| control field | E0168 |
| 003 - CONTROL NUMBER IDENTIFIER | |
| control field | IT-RoPAU |
| 008 - FIXED-LENGTH DATA ELEMENTS--GENERAL INFORMATION | |
| fixed length control field | 130308s9999 xx 000 0 und d |
| 040 ## - CATALOGING SOURCE | |
| Original cataloging agency | IT-RoPAU |
| 040 ## - CATALOGING SOURCE | |
| Transcribing agency | IT-RoPAU |
| 041 ## - LANGUAGE CODE | |
| Language code of text/sound track or separate title | ITALIANO |
| 999 ## - SYSTEM CONTROL NUMBERS (KOHA) | |
| Koha Dewey Subclass [OBSOLETE] | SI |
| 100 ## - MAIN ENTRY--PERSONAL NAME | |
| Personal name | AA.VV. |
| 100 ## - MAIN ENTRY--PERSONAL NAME | |
| Miscellaneous information | Codice Aut. SPICS: 12000 |
| 245 ## - TITLE STATEMENT | |
| Title | Enciclopedia Einaudi (Volume Quindicesimo: Sistematica) |
| 245 ## - TITLE STATEMENT | |
| Remainder of title | Enciclopedia Einaudi (Volume Quindicesimo: Sistematica) |
| 250 ## - EDITION STATEMENT | |
| Edition statement | 1a ed. |
| 260 ## - PUBLICATION, DISTRIBUTION, ETC. (IMPRINT) | |
| Place of publication, distribution, etc. | TORINO |
| 260 ## - PUBLICATION, DISTRIBUTION, ETC. (IMPRINT) | |
| Name of publisher, distributor, etc. | Einaudi |
| 260 ## - PUBLICATION, DISTRIBUTION, ETC. (IMPRINT) | |
| Date of publication, distribution, etc. | 1992 [1° Ed.:1992 - Ed.Ling.Originale:1992] |
| 300 ## - PHYSICAL DESCRIPTION | |
| Extent | "1172 p. (prefazione: 24; testo: 1148)" |
| 500 ## - GENERAL NOTE | |
| General note | Premessa di Ruggiero Romano. Sistematica Locale: Anthropos, Argomentazione, Arti, Calcolo, Capitale, Cervello, Civiltà, Classi, Cognizione, Combinatoria, Comunicazione, Concetto, Conoscenza, Corpo, Creatività, Cultura Materiale, Dialettica, Domesticamento, Eccedente, Enunciazione, Eredità, Esoterico/Essoterico, Evoluzione, Filosofia, Fisica, Generazioni, geometria e topologia, Giustizia, Guerra, Homo, Inconscio, Letteratura, Linguaggio, Locale, Logica, Macchina, Materia, Memoria, Metodo, Modo di Produzione, Mythos/Logos, Natura, Normale/Anormale, Orale/Scritto, Organico/Inorganico, Organismo, Parentela, Politica, Probabilità, Produzione/Distribuzione, Regione, Religione, Rito, Sacro/Profano, Segno, Sistema, Società, Soma/Psiche, Spiegazione, Stato, Storia, strutture Matematiche, Sviluppo/Sottosviluppo, Tempo/Temporalità, Teoria/Modello, testo , tolleranza/Intolleranza, tonale/Atonale, Tradizioni, Universo, Uomo, Visione, Vita/Morte. Ricoprimenti Tematici:Proiezioni dell'Antropologia, le vie della Forma, Dalla Biologia Alla Filosofia, I Paradossi dell'Esperienza, ipotesiCalcoli e Conoscenza, Dall'Economia Alla Storia, Lo Stato Il Grande Modello?, Unità delle Matematiche, Natura Storia e Conoscenza, L'Aporia Fondatrice delle Matematiche. 24 Illustrazioni con Relative Note. |
| 650 ## - SUBJECT ADDED ENTRY--TOPICAL TERM | |
| Topical term or geographic name as entry element | OPERE varie DI CULTURA GENERALE |
| 650 ## - SUBJECT ADDED ENTRY--TOPICAL TERM | |
| Relator term | Codice materia Spics: 1002 |
| 942 ## - ADDED ENTRY ELEMENTS (KOHA) | |
| Koha item type | LIBRO |
| 957 ## - | |
| -- | 1 |
| 999 ## - SYSTEM CONTROL NUMBERS (KOHA) | |
| -- | 1 |
| Withdrawn status | Lost status | Damaged status | Not for loan | Home library | Current library | Date acquired | Total Checkouts | Full call number | Date last seen | Price effective from | Koha item type | Public note |
|---|---|---|---|---|---|---|---|---|---|---|---|---|
| Buone Condizioni | Not For Loan | SPICS-MEDIATECA | SPICS-MEDIATECA | 08/03/2013 | E0168 | 08/03/2013 | 08/03/2013 | LIBRO | Progressivo inserimento: 329 / N. Volumi: 1 Copie: 1 Copia Rara: SI / data import: 1 marzo 2013 - By Epidotti, Trombetti, Vaglietti. |